Nomi ufficiali dei paesi nordamericani - Statistics

Statistiche generali
  • Questo quiz è stato fatto 17 volte
  • Il punteggio medio è 14 su 23
Statistiche sulle risposte
Paese (nome semplice) Nome ufficiale % Corretto
Belize Belize
86%
Canada Canada
86%
Giamaica Giamaica
79%
Repubblica Dominicana Repubblica Dominicana
79%
Stati Uniti Stati Uniti d'America
79%
Antigua e Barbuda Antigua e Barbuda
71%
Barbados Barbados
71%
Grenada Grenada
71%
Saint Lucia Saint Lucia
71%
Haiti Repubblica di Haiti
64%
Cuba Repubblica di Cuba
57%
El Salvador Repubblica di El Salvador
57%
Panama Repubblica di Panama
57%
Trinidad e Tobago Repubblica di Trinidad e Tobago
57%
Saint Vincent e Grenadine Saint Vincent e Grenadine
57%
Guatemala Repubblica del Guatemala
50%
Costa Rica Repubblica di Costa Rica
50%
Honduras Repubblica dell'Honduras
43%
Messico Stati Uniti del Messico
43%
Dominica Commonwealth della Dominica
36%
Bahamas Commonwealth delle Bahamas
36%
Nicaragua Repubblica del Nicaragua
36%
Saint Kitts e Nevis Federazione di Saint Kitts e Nevis
29%
Nessun quiz corrispondente trovato
Distribuzione punteggi
Percentuale di utenti per punteggio
Percentile per numero di risposta
I tuoi punteggi nel tempo
Non hai fatto questo quiz